| 000 | 00605nam a22001457a 4500 | ||
|---|---|---|---|
| 003 | OSt | ||
| 005 | 20160323101145.0 | ||
| 008 | 160323b xxu||||| |||| 00| 0 eng d | ||
| 040 | _cRUA | ||
| 082 | _aAGR SOU 2007 B470 Or.1 | ||
| 100 |
_98136 _aSOURNG SOPHEAKTRA; សួង សុភ័ក្រ្តា |
||
| 245 | _aThe dragon fruit production in banteay srey district, siem reap province, ផលិតកម្មដំណាំស្រកានាគ ក្នុងស្រុកបន្ទាយស្រី ខេត្តសៀមរាប | ||
| 300 |
_axiii,37p. _bill. _c29cm. |
||
| 942 |
_2ddc _cAGR |
||
| 999 |
_c7747 _d7747 |
||